[Event "HUN-chT2 Charousek 1415"]
[Site "Hungary"]
[Date "2015.04.26"]
[Round "9"]
[White "Szaz, Ferenc"]
[Black "Majdanics, Antal"]
[Result "1/2-1/2"]
[WhiteElo "2104"]
[BlackElo "2164"]
[PlyCount "92"]
[EventDate "2014.10.12"]
[EventType "team-tourn"]
[EventRounds "9"]
[EventCountry "HUN"]
[SourceTitle "EXT 2016"]
[Source "ChessBase"]
[SourceDate "2015.10.08"]
[SourceVersion "1"]
[SourceVersionDate "2015.10.08"]
[SourceQuality "1"]
[WhiteTeam "Komlo"]
[BlackTeam "Gyor Elektromos"]
[WhiteTeamCountry "HUN"]
[BlackTeamCountry "HUN"]

1. d4 d6 2. g3 Nf6 3. Bg2 c6 4. c4 g6 5. Nc3 Bg7 6. Nf3 0-0 7. 0-0 Nbd7 8. Qc2 e5 9. dxe5 dxe5 10. Bg5 Qc7 11. Rad1 Nc5 12. Bxf6 Bxf6 13. b4 Ne6 14. Ne4 Bg7 15. e3 a5 16. a3 Qe7 17. Nd6 Rd8 18. c5 Nc7 19. Nxc8 Rdxc8 20. Nd2 axb4 21. axb4 Nd5 22. Qb3 Rd8 23. Nc4 e4 24. Nd6 Nc3 25. Rd2 b6 26. Qc4 bxc5 27. Qxc5 Nd5 28. Nxe4 Bf8 29. Qxe7 Bxe7 30. b5 f5 31. bxc6 fxe4 32. Bxe4 Nc7 33. Rd7 Rxd7 34. cxd7 Rd8 35. Bc6 Kf8 36. Kg2 Bd6 37. f4 Ke7 38. h4 Ne6 39. e4 Nd4 40. Bd5 Rxd7 41. f5 Be5 42. fxg6 hxg6 43. Rf7+ Kd6 44. Rxd7+ Kxd7 45. Bf7 g5 46. hxg5 Ke7 1/2-1/2

[Event "HUN-chT2 Charousek 1314"]
[Site "Hungary"]
[Date "2013.11.03"]
[Round "4"]
[White "Biro, Sandor"]
[Black "Majdanics, Antal"]
[Result "1-0"]
[WhiteElo "2270"]
[BlackElo "2192"]
[PlyCount "79"]
[EventDate "2013.09.08"]
[EventType "team-tourn"]
[EventRounds "11"]
[EventCountry "HUN"]
[SourceTitle "EXT 2016"]
[Source "ChessBase"]
[SourceDate "2015.10.08"]
[SourceVersion "1"]
[SourceVersionDate "2015.10.08"]
[SourceQuality "1"]
[WhiteTeam "Alsoszolnok"]
[BlackTeam "Gyor Elektromos"]
[WhiteTeamCountry "HUN"]
[BlackTeamCountry "HUN"]

1. e4 d6 2. Nf3 Bg4 3. Bc4 e6 4. 0-0 Nf6 5. Re1 Be7 6. Bf1 0-0 7. c3 c5 8. h3 Bh5 9. d3 Nc6 10. g4 Bg6 11. Nh4 d5 12. Nxg6 hxg6 13. Nd2 Qc7 14. Qe2 Rad8 15. e5 Nd7 16. Nf3 b5 17. h4 Rfe8 18. Bh3 a5 19. Kg2 b4 20. Bf4 Qb7 21. Kg3 Nf8 22. g5 Rb8 23. Rac1 Bd8 24. Nh2 Bc7 25. Ng4 Ne7 26. Nf6+ gxf6 27. gxf6 Nf5+ 28. Bxf5 exf5 29. Qd2 a4 30. d4 Ne6 31. h5 Qb6 32. hxg6 fxg6 33. Rh1 cxd4 34. cxd4 Rec8 35. Rh6 Kf7 36. Rh7+ Ke8 37. f7+ Kf8 38. Bh6+ Ng7 39. Bxg7+ Kxf7 40. Bf6+ 1-0

[Event "HUN-chT2 Charousek 1213"]
[Site "Hungary"]
[Date "2013.03.24"]
[Round "9"]
[White "Piroska, Istvan"]
[Black "Majdanics, Antal"]
[Result "0-1"]
[WhiteElo "2137"]
[BlackElo "2156"]
[PlyCount "112"]
[EventDate "2012.09.16"]
[EventType "team-tourn"]
[EventRounds "11"]
[EventCountry "HUN"]
[SourceTitle "EXT 2014"]
[Source "ChessBase"]
[SourceDate "2013.11.20"]
[SourceVersion "1"]
[SourceVersionDate "2013.11.20"]
[SourceQuality "1"]
[WhiteTeam "Penzugyor II"]
[BlackTeam "Gyor"]
[WhiteTeamCountry "HUN"]
[BlackTeamCountry "HUN"]

1. e4 d6 2. d4 Nf6 3. Nc3 c6 4. f4 Qa5 5. Bd3 e5 6. Nf3 exd4 7. Nxd4 Qb6 8. Nf3 Be7 9. a4 a5 10. Qe2 Na6 11. e5 dxe5 12. fxe5 Nd7 13. Be3 Qxb2 14. 0-0 Qxc3 15. e6 fxe6 16. Kh1 Nf6 17. Bd4 Qb4 18. c3 Qd6 19. Rad1 Qf4 20. Bc4 Nc5 21. Bxc5 Bxc5 22. Bxe6 Qe3 23. Bf7+ Kxf7 24. Ne5+ Ke7 25. Qa2 Qxe5 26. Rde1 Ne4 27. Qf7+ Kd8 28. Rxe4 Qxe4 29. Rd1+ Qd5 30. Rxd5+ cxd5 31. Qxd5+ Bd7 32. Qxc5 Re8 33. h4 Ra6 34. Qd5 Kc8 35. h5 Rae6 36. Qxa5 Re5 37. Qb4 Rxh5+ 38. Kg1 Re1+ 39. Kf2 Ree5 40. Qf8+ Kc7 41. Qxg7 Ref5+ 42. Ke3 Rhg5 43. Qxh7 Rg3+ 44. Ke2 Rxg2+ 45. Kd3 Rg3+ 46. Kc4 Rg4+ 47. Kb3 Rxa4 48. Qh2+ Rff4 49. Qh6 Rae4 50. Qg7 Kc6 51. Qg2 Be6+ 52. Ka3 Kb5 53. Kb2 Bc4 54. Ka3 Bd5 55. c4+ Bxc4 56. Qd2 Rf3+ 0-1

[Event "HUN-chT2 Charousek 1213"]
[Site "Hungary"]
[Date "2013.01.27"]
[Round "6"]
[White "Szabo, Lorinc"]
[Black "Majdanics, Antal"]
[Result "0-1"]
[WhiteElo "1981"]
[BlackElo "2156"]
[PlyCount "82"]
[EventDate "2012.09.16"]
[EventType "team-tourn"]
[EventRounds "11"]
[EventCountry "HUN"]
[SourceTitle "EXT 2014"]
[Source "ChessBase"]
[SourceDate "2013.11.20"]
[SourceVersion "1"]
[SourceVersionDate "2013.11.20"]
[SourceQuality "1"]
[WhiteTeam "Fehervar"]
[BlackTeam "Gyor"]
[WhiteTeamCountry "HUN"]
[BlackTeamCountry "HUN"]

1. d4 d6 2. c4 e5 3. dxe5 dxe5 4. Qxd8+ Kxd8 5. Nf3 f6 6. Nc3 Be6 7. e4 Bb4 8. Bd2 Nc6 9. a3 Bxc3 10. Bxc3 a5 11. Be2 Nge7 12. 0-0 g5 13. b4 Ng6 14. Rfd1+ Ke7 15. g3 h5 16. b5 Nd8 17. Nd2 b6 18. Nf1 Nb7 19. Ne3 Nc5 20. f3 h4 21. Nd5+ Bxd5 22. Rxd5 hxg3 23. hxg3 Rh3 24. Kf2 Rh2+ 25. Ke3 Nf8 26. Rdd1 Na4 27. Bd2 Ne6 28. Rh1 Rah8 29. Rxh2 Rxh2 30. Rb1 Nd4 31. Bd1 Nc5 32. Bc3 Nc2+ 33. Bxc2 Rxc2 34. Bd2 Rxc4 35. Rc1 Ra4 36. Rc3 g4 37. Kf2 gxf3 38. Kxf3 Kd7 39. Re3 Ne6 40. Rd3+ Nd4+ 41. Ke3 Rxa3 0-1

[Event "HUN-chT2 Charousek 1213"]
[Site "Hungary"]
[Date "2012.10.07"]
[Round "2"]
[White "Majdanics, Antal"]
[Black "Makk, Norbert"]
[Result "1-0"]
[WhiteElo "2156"]
[BlackElo "2013"]
[PlyCount "61"]
[EventDate "2012.09.16"]
[EventType "team-tourn"]
[EventRounds "11"]
[EventCountry "HUN"]
[SourceTitle "EXT 2014"]
[Source "ChessBase"]
[SourceDate "2013.11.20"]
[SourceVersion "1"]
[SourceVersionDate "2013.11.20"]
[SourceQuality "1"]
[WhiteTeam "Gyor"]
[BlackTeam "Alsoszolnok"]
[WhiteTeamCountry "HUN"]
[BlackTeamCountry "HUN"]

1. e4 e5 2. Nf3 Nc6 3. Bc4 Bc5 4. Nc3 d6 5. d3 Nf6 6. Na4 Bb6 7. Nxb6 axb6 8. c3 0-0 9. b4 d5 10. exd5 Nxd5 11. Qb3 Be6 12. Ng5 Nf4 13. Nxe6 fxe6 14. Bxf4 exf4 15. Bxe6+ Kh8 16. 0-0-0 Qg5 17. Qd5 Qf6 18. d4 Ra3 19. Kb2 Rfa8 20. Qd7 Qg6 21. Rd2 R3a7 22. f3 Rd8 23. Qf7 Qxf7 24. Bxf7 g6 25. Re1 Kg7 26. Bb3 Raa8 27. Rde2 b5 28. d5 Na7 29. Re7+ Kf8 30. Rxc7 Re8 31. Rxe8+ 1-0

[Event "HUN-chT2 Charousek 1112"]
[Site "Hungary"]
[Date "2012.05.06"]
[Round "10"]
[White "Majdanics, Antal"]
[Black "Mullner, Imre"]
[Result "0-1"]
[WhiteElo "2181"]
[BlackElo "2198"]
[PlyCount "94"]
[EventDate "2011.09.25"]
[EventType "team-tourn"]
[EventRounds "11"]
[EventCountry "HUN"]
[SourceTitle "EXT 2013"]
[Source "ChessBase"]
[SourceDate "2012.11.22"]
[SourceVersion "1"]
[SourceVersionDate "2012.11.22"]
[SourceQuality "1"]
[WhiteTeam "Gyor Elektromos"]
[BlackTeam "MLTC II"]
[WhiteTeamCountry "HUN"]
[BlackTeamCountry "HUN"]

1. e4 c5 2. Nf3 Nc6 3. Bb5 Qb6 4. Nc3 e6 5. 0-0 Nge7 6. Re1 Ng6 7. d3 Be7 8. a4 0-0 9. Bxc6 bxc6 10. b3 e5 11. Ng5 h6 12. Nh3 d6 13. Qh5 Bxh3 14. Qxh3 Qd8 15. Nd1 Bg5 16. Ne3 Nf4 17. Qf3 g6 18. h4 Bf6 19. g3 Bg7 20. Bb2 Ne6 21. Rad1 Rb8 22. Kg2 h5 23. Bc3 Nd4 24. Bxd4 cxd4 25. Nc4 Qd7 26. Qe2 Bh6 27. Rf1 Rbe8 28. Rde1 Kh7 29. Qd1 f6 30. Nd2 d5 31. f3 Qd6 32. g4 Bf4 33. Kh3 Rg8 34. Rg1 Qe6 35. Rg2 g5 36. Rh1 gxh4 37. Kxh4 Rg5 38. Kh3 Kg7 39. Rgg1 Rh8 40. Kg2 Be3 41. Rf1 hxg4 42. Rxh8 gxf3+ 43. Kh1 Kxh8 44. Qxf3 Bxd2 45. exd5 Qxd5 46. Qxd5 cxd5 47. Rxf6 e4 0-1

[Event "HUN-chT2 Charousek 1112"]
[Site "Hungary"]
[Date "2012.02.19"]
[Round "6"]
[White "Majdanics, Antal"]
[Black "Szabo, Lorinc"]
[Result "1/2-1/2"]
[WhiteElo "2181"]
[BlackElo "1963"]
[PlyCount "147"]
[EventDate "2011.09.25"]
[EventType "team-tourn"]
[EventRounds "11"]
[EventCountry "HUN"]
[SourceTitle "EXT 2013"]
[Source "ChessBase"]
[SourceDate "2012.11.22"]
[SourceVersion "1"]
[SourceVersionDate "2012.11.22"]
[SourceQuality "1"]
[WhiteTeam "Gyor Elektromos"]
[BlackTeam "Fehervar"]
[WhiteTeamCountry "HUN"]
[BlackTeamCountry "HUN"]

1. e4 c5 2. Nf3 d6 3. d4 cxd4 4. Nxd4 Nf6 5. Nc3 a6 6. Bc4 e6 7. Bb3 b5 8. f3 Bb7 9. Be3 Nc6 10. g4 Be7 11. Qd2 Nd7 12. Bxe6 Nde5 13. 0-0-0 Nxd4 14. Bxf7+ Nxf7 15. Bxd4 0-0 16. Qg2 Bf6 17. h4 Bxd4 18. Rxd4 Qf6 19. Ne2 Ne5 20. f4 Nc6 21. Rd2 Rae8 22. Rhd1 Qf7 23. b3 Nb4 24. Rd4 a5 25. c3 Na6 26. f5 a4 27. Nf4 Nc5 28. bxa4 Rxe4 29. Qc2 bxa4 30. Ne6 Rxd4 31. Rxd4 Nxe6 32. fxe6 Qxe6 33. Qxa4 Rc8 34. Kb2 Bd5 35. Qd1 Rc5 36. a4 Qf7 37. Qd2 Qb7+ 38. Rb4 Qc7 39. Rd4 Qf7 40. Rb4 Rc8 41. Rd4 Rb8+ 42. Rb4 Re8 43. Rf4 Qb7+ 44. Rb4 Qc6 45. Ka3 Bc4 46. Qf4 Bf7 47. Qd4 Rc8 48. Rb6 Qf3 49. Kb4 Rc4+ 50. Qxc4 Bxc4 51. Kxc4 Qxg4+ 52. Kb5 Qf5+ 53. Ka6 Qd3+ 54. Rb5 Qxc3 55. a5 Kf7 56. Ka7 Ke6 57. a6 Qc6 58. Rb6 Qc5 59. Kb7 Kd7 60. Rb2 Qc7+ 61. Ka8 Kc8 62. Rb7 Qc6 63. Ka7 Qc5+ 64. Ka8 Qc6 65. Ka7 d5 66. Rb8+ Kc7 67. Rb7+ Kc8 68. Rb8+ Kd7 69. Rb7+ Qc7 70. h5 d4 71. h6 gxh6 72. Ka8 d3 73. Rxc7+ Kxc7 74. a7 1/2-1/2

[Event "HUN-chT2 Charousek 1112"]
[Site "Hungary"]
[Date "2011.11.13"]
[Round "3"]
[White "Radnoti, Gergely"]
[Black "Majdanics, Antal"]
[Result "1/2-1/2"]
[WhiteElo "2097"]
[BlackElo "2181"]
[PlyCount "68"]
[EventDate "2011.09.25"]
[EventType "team-tourn"]
[EventRounds "11"]
[EventCountry "HUN"]
[SourceTitle "EXT 2013"]
[Source "ChessBase"]
[SourceDate "2012.11.22"]
[SourceVersion "1"]
[SourceVersionDate "2012.11.22"]
[SourceQuality "1"]
[WhiteTeam "Paks II"]
[BlackTeam "Gyor Elektromos"]
[WhiteTeamCountry "HUN"]
[BlackTeamCountry "HUN"]

1. d4 d6 2. c4 e5 3. dxe5 dxe5 4. Qxd8+ Kxd8 5. Nf3 f6 6. g3 Be6 7. Nbd2 Nc6 8. Bg2 a5 9. 0-0 g5 10. Ne1 h5 11. Nd3 h4 12. Ne4 Bxc4 13. Nxf6 Nxf6 14. Bxg5 Be7 15. Bxc6 bxc6 16. Nxe5 Be6 17. Nxc6+ Ke8 18. Nxe7 Kxe7 19. Bxh4 Rxh4 20. gxh4 Bh3 21. f3 Bxf1 22. Kxf1 c5 23. Rc1 Kd6 24. Kf2 a4 25. e4 Rb8 26. Rc2 Nd7 27. f4 Ke6 28. Kf3 Rh8 29. Rc4 Ra8 30. h5 Kd6 31. Rc2 Rh8 32. Rd2+ Ke6 33. Rd5 Rb8 34. f5+ Ke7 1/2-1/2

[Event "HUN-chT2 Charousek 1112"]
[Site "Hungary"]
[Date "2011.10.30"]
[Round "2"]
[White "Majdanics, Antal"]
[Black "Antal, Jozsef"]
[Result "1/2-1/2"]
[WhiteElo "2181"]
[BlackElo "2002"]
[PlyCount "52"]
[EventDate "2011.09.25"]
[EventType "team-tourn"]
[EventRounds "11"]
[EventCountry "HUN"]
[SourceTitle "EXT 2013"]
[Source "ChessBase"]
[SourceDate "2012.11.22"]
[SourceVersion "1"]
[SourceVersionDate "2012.11.22"]
[SourceQuality "1"]
[WhiteTeam "Gyor Elektromos"]
[BlackTeam "Balatonfuered"]
[WhiteTeamCountry "HUN"]
[BlackTeamCountry "HUN"]

1. e4 e5 2. Nf3 Nf6 3. Nxe5 d6 4. Nf3 Nxe4 5. d4 d5 6. Bd3 Be7 7. 0-0 Nc6 8. Re1 Bg4 9. c3 f5 10. c4 0-0 11. cxd5 Qxd5 12. Nc3 Nxc3 13. bxc3 Bxf3 14. gxf3 Bd6 15. Kh1 Qf7 16. Qb3 Kh8 17. Qxf7 Rxf7 18. Rb1 b6 19. Bg5 h6 20. Bc4 Rff8 21. Bd5 hxg5 22. Bxc6 Rad8 23. Kg2 Rf6 24. d5 Rh6 25. h3 Rh4 26. Re3 Rf8 1/2-1/2

[Event "HUN-chT2 Breyer 1011"]
[Site "Hungary"]
[Date "2011.05.15"]
[Round "11.7"]
[White "Majdanics, Antal"]
[Black "Mullner, Janos"]
[Result "1/2-1/2"]
[WhiteElo "2173"]
[BlackElo "1994"]
[PlyCount "58"]
[EventDate "2010.09.12"]
[EventType "team-tourn"]
[EventRounds "11"]
[EventCountry "HUN"]
[SourceTitle "EXT 2012"]
[Source "ChessBase"]
[SourceDate "2011.11.24"]
[SourceVersion "1"]
[SourceVersionDate "2011.11.24"]
[SourceQuality "1"]
[WhiteTeam "Gyor Elektromos"]
[BlackTeam "Biatorbagy"]
[WhiteTeamCountry "HUN"]
[BlackTeamCountry "HUN"]

1. e4 c6 2. d4 d5 3. Nc3 dxe4 4. Nxe4 Bf5 5. Ng3 Bg6 6. Bc4 Nf6 7. N1e2 Nbd7 8. Nf4 e5 9. Nxg6 hxg6 10. Qe2 Be7 11. dxe5 Qa5+ 12. Bd2 Qxe5 13. 0-0-0 Qxe2 14. Bxe2 0-0 15. h4 Rad8 16. h5 gxh5 17. Nxh5 Ne4 18. Be3 Bc5 19. Bxc5 Ndxc5 20. Rdf1 Rd2 21. Bf3 Rfd8 22. Bxe4 Nxe4 23. f3 Nc5 24. Rd1 Rxd1+ 25. Rxd1 Rxd1+ 26. Kxd1 Na4 27. b3 Nc3+ 28. Kd2 Nxa2 29. c3 b5 1/2-1/2

[Event "HUN-chT2 Breyer 1011"]
[Site "Hungary"]
[Date "2011.04.10"]
[Round "8.8"]
[White "Majdanics, Antal"]
[Black "Bitto, Zoltan"]
[Result "1-0"]
[WhiteElo "2177"]
[BlackElo "2017"]
[PlyCount "60"]
[EventDate "2010.09.12"]
[EventType "team-tourn"]
[EventRounds "11"]
[EventCountry "HUN"]
[SourceTitle "EXT 2012"]
[Source "ChessBase"]
[SourceDate "2011.11.24"]
[SourceVersion "1"]
[SourceVersionDate "2011.11.24"]
[SourceQuality "1"]
[WhiteTeam "Gyor Elektromos"]
[BlackTeam "Zsambek"]
[WhiteTeamCountry "HUN"]
[BlackTeamCountry "HUN"]

1. e4 e6 2. d4 d5 3. Nd2 c5 4. exd5 exd5 5. Bb5+ Nc6 6. Ngf3 Qe7+ 7. Be2 c4 8. 0-0 Nf6 9. Re1 Be6 10. c3 b5 11. b3 Qb7 12. a4 a6 13. Ng5 Nd8 14. Bf3 Rc8 15. b4 Bd6 16. Nf1 0-0 17. Qc2 h6 18. Nxe6 Nxe6 19. Qf5 Rce8 20. Bxh6 bxa4 21. Be3 Ne4 22. Bxe4 dxe4 23. Rxa4 g6 24. Qa5 Nc7 25. Bh6 f5 26. Bxf8 Rxf8 27. Ne3 f4 28. Nxc4 Be7 29. Qb6 Qc8 30. Qxg6+ Kh8 1-0

[Event "HUN-chT2 Breyer 1011"]
[Site "Hungary"]
[Date "2011.03.27"]
[Round "7.8"]
[White "Kollner, Odon"]
[Black "Majdanics, Antal"]
[Result "1/2-1/2"]
[WhiteElo "2095"]
[BlackElo "2177"]
[PlyCount "61"]
[EventDate "2010.09.12"]
[EventType "team-tourn"]
[EventRounds "11"]
[EventCountry "HUN"]
[SourceTitle "EXT 2012"]
[Source "ChessBase"]
[SourceDate "2011.11.24"]
[SourceVersion "1"]
[SourceVersionDate "2011.11.24"]
[SourceQuality "1"]
[WhiteTeam "Sarkany"]
[BlackTeam "Gyor Elektromos"]
[WhiteTeamCountry "HUN"]
[BlackTeamCountry "HUN"]

1. e4 d6 2. d4 Nf6 3. Bd3 e5 4. d5 c6 5. c4 Be7 6. Ne2 Nbd7 7. Nbc3 Nc5 8. Bc2 a5 9. b3 0-0 10. a3 Bg4 11. f3 Bh5 12. Be3 Nfd7 13. 0-0 Bg6 14. b4 Na6 15. Rb1 axb4 16. axb4 c5 17. bxc5 Naxc5 18. Na4 Nxa4 19. Bxa4 Qc7 20. Bxd7 Qxd7 21. Qb3 Rfb8 22. Nc3 f5 23. Ra1 Bd8 24. exf5 Bxf5 25. Ne4 Ba5 26. c5 dxc5 27. Nxc5 Qf7 28. Ne4 Rd8 29. Rfd1 h6 30. Rab1 b6 31. Rb2 1/2-1/2

[Event "HUN-chT2 Breyer 1011"]
[Site "Hungary"]
[Date "2010.11.07"]
[Round "5.9"]
[White "Majdanics, Antal"]
[Black "Jasz, Peter"]
[Result "1/2-1/2"]
[WhiteElo "2177"]
[BlackElo "1995"]
[PlyCount "41"]
[EventDate "2010.09.12"]
[EventType "team-tourn"]
[EventRounds "11"]
[EventCountry "HUN"]
[SourceTitle "EXT 2012"]
[Source "ChessBase"]
[SourceDate "2011.11.24"]
[SourceVersion "1"]
[SourceVersionDate "2011.11.24"]
[SourceQuality "1"]
[WhiteTeam "Gyor Elektromos"]
[BlackTeam "Szazhalombatta"]
[WhiteTeamCountry "HUN"]
[BlackTeamCountry "HUN"]

1. e4 c5 2. Nf3 d6 3. d4 cxd4 4. Qxd4 Nc6 5. Bb5 Bd7 6. Bxc6 Bxc6 7. Nc3 Nf6 8. Bg5 e6 9. 0-0-0 Be7 10. Rhe1 0-0 11. e5 dxe5 12. Qh4 Qc7 13. Nxe5 h6 14. Bxh6 Ne4 15. Qh5 Nxc3 16. Bxg7 Nxa2+ 17. Kb1 Nc3+ 18. Kc1 Na2+ 19. Kb1 Nc3+ 20. Kc1 Na2+ 21. Kb1 1/2-1/2

[Event "HUN-chT2 Breyer 1011"]
[Site "Hungary"]
[Date "2010.09.26"]
[Round "2.8"]
[White "Majdanics, Antal"]
[Black "Sandor, Jozsef"]
[Result "1-0"]
[WhiteElo "2177"]
[BlackElo "2081"]
[PlyCount "109"]
[EventDate "2010.09.12"]
[EventType "team-tourn"]
[EventRounds "11"]
[EventCountry "HUN"]
[SourceTitle "EXT 2012"]
[Source "ChessBase"]
[SourceDate "2011.11.24"]
[SourceVersion "1"]
[SourceVersionDate "2011.11.24"]
[SourceQuality "1"]
[WhiteTeam "Gyor Elektromos"]
[BlackTeam "MAFC"]
[WhiteTeamCountry "HUN"]
[BlackTeamCountry "HUN"]

1. e4 d6 2. d4 Nf6 3. Nc3 e5 4. Nf3 Qe7 5. Bg5 c6 6. Be2 Nbd7 7. a4 h6 8. Bh4 g5 9. Bg3 Bg7 10. dxe5 dxe5 11. Nd2 Nf8 12. Nc4 Ng6 13. Nd6+ Kf8 14. Bc4 Be6 15. Nf5 Qd7 16. Bxe6 fxe6 17. Nxg7 Qxd1+ 18. Rxd1 Kxg7 19. h4 Rhd8 20. f3 Nf4 21. 0-0 Rxd1 22. Rxd1 Kf7 23. Bf2 Ke8 24. Kh2 g4 25. Bc5 gxf3 26. gxf3 h5 27. a5 Nd7 28. Rg1 Kf7 29. Be3 Rg8 30. Rxg8 Kxg8 31. Bxa7 Kf7 32. Be3 Ke7 33. Kg3 Ng6 34. Na4 Kd6 35. b4 Kc7 36. c4 Kd6 37. Nc5 Nxc5 38. Bxc5+ Kc7 39. Be3 Kd6 40. b5 cxb5 41. cxb5 Kd7 42. f4 exf4+ 43. Bxf4 e5 44. Bg5 Kd6 45. Be3 Kd7 46. Bf2 Nf4 47. Kf3 Ne6 48. Bg3 Nd4+ 49. Ke3 Kd6 50. a6 Nxb5 51. axb7 Kc7 52. Bxe5+ Kxb7 53. Kf4 Kc6 54. Kf5 Kd7 55. Kf6 1-0

[Event "HUN-chT2 Szechenyi 0910"]
[Site "Hungary"]
[Date "2010.04.18"]
[Round "10.5"]
[White "Majdanics, Antal"]
[Black "Rezsek, Gyozo"]
[Result "1/2-1/2"]
[WhiteElo "2177"]
[BlackElo "2076"]
[PlyCount "75"]
[EventDate "2009.11.08"]
[EventType "team-tourn"]
[EventRounds "11"]
[EventCountry "HUN"]
[SourceTitle "EXT 2011"]
[Source "ChessBase"]
[SourceDate "2010.11.26"]
[SourceVersion "1"]
[SourceVersionDate "2010.11.26"]
[SourceQuality "1"]
[WhiteTeam "Gyor Elektromos"]
[BlackTeam "Keszthely"]
[WhiteTeamCountry "HUN"]
[BlackTeamCountry "HUN"]

1. e4 c5 2. Nf3 Nc6 3. Bb5 e6 4. Bxc6 dxc6 5. d3 Qc7 6. 0-0 e5 7. h3 Ne7 8. Be3 Ng6 9. Nbd2 Be7 10. a4 Be6 11. b3 f6 12. Nc4 0-0 13. Qc1 Rfd8 14. Re1 b6 15. a5 b5 16. Ncd2 Qd7 17. Nf1 Qc7 18. Ng3 c4 19. bxc4 bxc4 20. Rd1 Bb4 21. a6 cxd3 22. cxd3 Bb3 23. Nf5 Bxd1 24. Qxd1 c5 25. g3 Qf7 26. Qc2 Kh8 27. Bd2 Qd7 28. Bxb4 cxb4 29. d4 Rac8 30. Qb2 exd4 31. Qxb4 Ne5 32. Nxe5 fxe5 33. Ra5 g6 34. Rd5 Qf7 35. Nd6 Qf3 36. Nxc8 Rxc8 37. Rc5 Rf8 38. Qe1 1/2-1/2

[Event "HUN-chT2 Szechenyi 0910"]
[Site "Hungary"]
[Date "2010.03.07"]
[Round "6.7"]
[White "Preisz, Balazs"]
[Black "Majdanics, Antal"]
[Result "0-1"]
[WhiteElo "2076"]
[BlackElo "2177"]
[PlyCount "140"]
[EventDate "2009.11.08"]
[EventType "team-tourn"]
[EventRounds "11"]
[EventCountry "HUN"]
[SourceTitle "EXT 2011"]
[Source "ChessBase"]
[SourceDate "2010.11.26"]
[SourceVersion "1"]
[SourceVersionDate "2010.11.26"]
[SourceQuality "1"]
[WhiteTeam "Baki Agrocentrum"]
[BlackTeam "Gyor Elektromos"]
[WhiteTeamCountry "HUN"]
[BlackTeamCountry "HUN"]

1. e4 d6 2. d4 Nf6 3. Nc3 c6 4. Nf3 Bg4 5. Be2 e6 6. 0-0 Be7 7. Bf4 b5 8. a3 Nbd7 9. Nd2 Bxe2 10. Qxe2 e5 11. dxe5 dxe5 12. Be3 Nc5 13. Rad1 Qc7 14. f4 Ne6 15. fxe5 Qxe5 16. Nf3 Qh5 17. Nd4 Nxd4 18. Qxh5 Nxh5 19. Bxd4 0-0 20. e5 g6 21. Ne4 Rfd8 22. Bc5 Bxc5+ 23. Nxc5 Ng7 24. Rd6 Nf5 25. Rxc6 Ne3 26. Rc1 Rd2 27. g3 Nc4 28. Nd3 Re2 29. Re1 Rxe1+ 30. Nxe1 Nxb2 31. Nd3 Nxd3 32. cxd3 Rd8 33. Ra6 Rxd3 34. Rxa7 Re3 35. Ra5 Rxe5 36. a4 Re1+ 37. Kf2 Ra1 38. Rxb5 Ra2+ 39. Kg1 Rxa4 40. Rb2 Kg7 41. Kf2 h5 42. Re2 Kf6 43. h3 Kf5 44. Rc2 Ra5 45. Rb2 Kg5 46. Rc2 h4 47. g4 Ra3 48. Kg2 Rg3+ 49. Kh2 Re3 50. Kg2 f5 51. gxf5 gxf5 52. Ra2 Kf4 53. Ra4+ Re4 54. Ra2 Rd4 55. Re2 Rd3 56. Rf2+ Ke4 57. Ra2 f4 58. Ra5 Rd2+ 59. Kf1 Ke3 60. Ra3+ Rd3 61. Ra1 Kf3 62. Rb1 Kg3 63. Rb8 Kf3 64. Rb1 Ra3 65. Rc1 Kg3 66. Rc8 Ra1+ 67. Ke2 f3+ 68. Ke3 Re1+ 69. Kd2 f2 70. Rg8+ Kxh3 0-1

[Event "HUN-chT2 Szechenyi 0910"]
[Site "Hungary"]
[Date "2009.12.20"]
[Round "4.7"]
[White "Hadrik, Csaba"]
[Black "Majdanics, Antal"]
[Result "0-1"]
[WhiteElo "1994"]
[BlackElo "2177"]
[PlyCount "120"]
[EventDate "2009.11.08"]
[EventType "team-tourn"]
[EventRounds "11"]
[EventCountry "HUN"]
[SourceTitle "EXT 2011"]
[Source "ChessBase"]
[SourceDate "2010.11.26"]
[SourceVersion "1"]
[SourceVersionDate "2010.11.26"]
[SourceQuality "1"]
[WhiteTeam "Lovo"]
[BlackTeam "Gyor Elektromos"]
[WhiteTeamCountry "HUN"]
[BlackTeamCountry "HUN"]

1. c4 Nf6 2. Nc3 g6 3. g3 Bg7 4. Bg2 0-0 5. Nf3 d6 6. d4 Nbd7 7. 0-0 e5 8. dxe5 dxe5 9. Qc2 c6 10. Rd1 Qe7 11. Bg5 h6 12. Bxf6 Nxf6 13. Nd2 Re8 14. Nde4 Nxe4 15. Nxe4 Bf5 16. Qb3 Red8 17. Rac1 Rd4 18. Nd2 e4 19. Nf1 Bg4 20. Rxd4 Bxd4 21. e3 Bg7 22. Nd2 Bf5 23. Qc2 Rd8 24. Nxe4 Re8 25. f3 Qb4 26. b3 Bxe4 27. fxe4 Qc5 28. Qd2 a5 29. Rd1 Bf6 30. Qe2 a4 31. Rd7 axb3 32. axb3 Qb4 33. Rd3 Ra8 34. Qd2 Ra1+ 35. Bf1 Qe7 36. Qf2 Rb1 37. Qf3 Kg7 38. Qg4 h5 39. Qf3 Bg5 40. h4 Bf6 41. Kf2 Be5 42. Be2 Bd6 43. Kg2 Rb2 44. Kf2 Bc7 45. c5 Be5 46. Kg2 Qe6 47. Kh2 Rxb3 48. Rxb3 Qxb3 49. Kh3 Qc3 50. g4 hxg4+ 51. Kxg4 Qxc5 52. h5 gxh5+ 53. Kxh5 Bf4+ 54. Kg4 Qg5+ 55. Kh3 Bxe3 56. Bc4 Bf4 57. Qg4 b5 58. Bd3 Kf6 59. Qxg5+ Bxg5 60. Kg4 Bd2 0-1

[Event "HUN-chT2 Szechenyi 0910"]
[Site "Hungary"]
[Date "2009.11.22"]
[Round "2.7"]
[White "Gabor, Attila"]
[Black "Majdanics, Antal"]
[Result "1/2-1/2"]
[WhiteElo "1909"]
[BlackElo "2177"]
[PlyCount "49"]
[EventDate "2009.11.08"]
[EventType "team-tourn"]
[EventRounds "11"]
[EventCountry "HUN"]
[SourceTitle "EXT 2011"]
[Source "ChessBase"]
[SourceDate "2010.11.26"]
[SourceVersion "1"]
[SourceVersionDate "2010.11.26"]
[SourceQuality "1"]
[WhiteTeam "Arboretum"]
[BlackTeam "Gyor Elektromos"]
[WhiteTeamCountry "HUN"]
[BlackTeamCountry "HUN"]

1. e4 e5 2. Nf3 Nf6 3. Nc3 Nc6 4. Bb5 Bc5 5. 0-0 Nd4 6. Nxd4 exd4 7. e5 dxc3 8. exf6 Qxf6 9. bxc3 0-0 10. d4 Bd6 11. Bd3 c6 12. Qh5 g6 13. Qh6 Re8 14. Bg5 Qg7 15. Qh4 Bf8 16. Rfe1 Re6 17. Rxe6 dxe6 18. Re1 Bd7 19. Re3 c5 20. Qf4 Rc8 21. Bf6 Qh6 22. Bg5 Qg7 23. Bf6 Qh6 24. Bg5 Qg7 25. Bf6 1/2-1/2

[Event "HUN-chT2 Charousek 0809"]
[Site "Hungary"]
[Date "2009.04.05"]
[Round "10"]
[White "Majdanics, Antal"]
[Black "Ignacz, Maria"]
[Result "1/2-1/2"]
[WhiteElo "2186"]
[BlackElo "2227"]
[PlyCount "37"]
[EventDate "2008.10.26"]
[EventType "team-tourn"]
[EventRounds "11"]
[EventCountry "HUN"]
[SourceTitle "EXT 2010"]
[Source "ChessBase"]
[SourceDate "2010.11.25"]
[SourceVersion "1"]
[SourceVersionDate "2010.11.25"]
[SourceQuality "1"]
[WhiteTeam "Gyor Elektromos"]
[BlackTeam "Aquaprofit II"]
[WhiteTeamCountry "HUN"]
[BlackTeamCountry "HUN"]

1. e4 c5 2. Nf3 d6 3. d4 cxd4 4. Qxd4 Nc6 5. Bb5 Bd7 6. Bxc6 Bxc6 7. Nc3 Nf6 8. Bg5 e6 9. 0-0-0 Be7 10. Rhe1 0-0 11. e5 dxe5 12. Qh4 Qc7 13. Nxe5 Rac8 14. Rd3 Nd5 15. Bxe7 Qxe7 16. Qxe7 Nxe7 17. Nxc6 Nxc6 18. Rd7 Rb8 19. Red1 1/2-1/2